000 00335nam a2200145 4500
008 210511b ||||| |||| 00| 0 eng d
020 _a2900393935812
041 _aeng
080 _22nd
_a37
082 _a37
100 _a46
101 _aEDU
245 _aThe little Seagull Handbook with exercises
_cBullock,R
942 _2ddc
_cBK
999 _c57224
_d57224